000 00958nmm a2200301 a 4500
001 ocm0002348223
003 TR-IsHL
005 20201028190130.0
008 191226s2013 tu tur
007 cr cn
020 _a9786058570023
035 _a2348223
_b(N$T)
050 0 4 _aGR280
_b.Y54 2013
090 0 4 _aGR280
_b.Y54 2013
100 1 _aYiğit, Hasan
245 1 0 _aDeyimler ve öyküler
_h[electronic resource] /
_cHasan Yiğit ; resimler Kenan Aydın
260 _aİstanbul :
_bNarçiçeği Yayıncılık ,
_c2013
300 _a96 p.
650 4 _aDil ve Edebiyat
650 4 _aLanguage and Literature
650 0 _aMasallar, Türk
650 0 _aTales, Turkish
650 0 _aDeyimler, Türk
650 0 _aIdioms, Turkish
650 7 _aJUVENILE NONFICTION / Reference / Dictionaries
_2bisacsh
700 1 _aAydın, Kenan
856 4 0 _uhttp://search.ebscohost.com/login.aspx?direct=true&scope=site&db=e011xww&AN=2348223
999 _c21778
_d21778